Music Quiz

Random Music or Bands Quiz

Profile: The Police Quiz Stats

 Plays Quiz Updated Jan 28, 2020

Support Sporcle.
Go Orange.
Score 0/25 Timer 06:00
0 Plays Today
Clue Answer % Correct
The singer/bassistSting
98%
That album's first single, about a prostitute from FranceRoxanne
81.6%
That album's first single, about desert-island lonelinessMessage in a Bottle
61.3%
That album's smash hit about surveillance and controlEvery Breath You Take
57%
The drummerStewart Copeland
55.1%
...whose real name isGordon Sumner
53.7%
That album's #1 hit single with parallels to 'Lolita'Don't Stand So Close to Me
49.7%
The guitaristAndy Summers
46.5%
Final album (June, 1983)Synchronicity
46.2%
Year the Police were inducted into the Rock and Roll Hall of Fame2003
39.6%
Manhattan venue where the band played its last show in 2008Madison Square Garden
36%
UK #1 hit with a video filmed at Kennedy Space CenterWalking on the Moon
32%
Fourth album (October, 1981)Ghost in the Machine
30.5%
Clue Answer % Correct
Second album (October, 1979)Reggatta de Blanc
29.1%
Third album (October, 1980)Zenyattà Mondatta
28%
That album's #1 hit single, a new wave love songEvery Little Thing She Does Is Magic
26.2%
Debut album (November, 1978)Outlandos d'Amour
23.1%
1979 rock opera in which the singer made his film debutQuadrophenia
21.5%
R&B/dance album that beat it for the Grammys' Album of the YearThriller
21.4%
Opening track on their debut album and encore song on their final tourNext to You
11.6%
1983 Coppola film for which the drummer composed the scoreRumble Fish
8.9%
The Police's first single, released in May of 1977Fall Out
8.3%
The original guitarist, fired in 1977Henry Padovani
6.4%
Comedian whose 1992 talk show's house band was led by the guitaristDennis Miller
3.8%
The main members' short-lived band with Gong's Mike HowlettStrontium 90
3.6%

From the Vault

Blue-Themed Trivia

by tim_parr

Feeling blue? Give this quiz a try!
Remove Ads.
Support Sporcle.
Get the best of Sporcle when you Go Orange. This ad-free experience offers more features, more stats, and more fun while also helping to support Sporcle. Thank you for becoming a member.

Show Comments

Extras

Top Quizzes Today


Score Distribution

Your Account Isn't Verified!

In order to create a playlist on Sporcle, you need to verify the email address you used during registration. Go to your Sporcle Settings to finish the process.

Report this User

Report this user for behavior that violates our Community Guidelines.

Details: